curry quiz 2017 - Statistics

General Stats
  • This quiz has been taken 173 times
    170 since last reset
  • The average score is 9 of 15
Answer Stats
hint Answer % Correct
currys' home state ohio
90%
what # is curry #30
86%
currys' height "6'3"
86%
currys' home town akron
86%
last name curry
83%
what postison does curry play point guard
78%
middle name stephen
77%
first name wardell
74%
how old is curry 29
73%
what collage did curry go to davidson
69%
currys' weight 195
37%
how many MVP awards does he have two
37%
who is currys' best friend klay thompson
36%
when was curry born march 14 1988
32%
how many point has curry made in his whole life 15019
0%
No matching quizzes found
Score Distribution
Percent of People with Each Score
Percentile by Number Answered
Your Score History
You have not taken this quiz since the last reset